| 000 | 00990nam a22002057a 4500 | ||
|---|---|---|---|
| 005 | 20230619160018.0 | ||
| 008 | 220221b ||||| |||| 00| 0 eng d | ||
| 020 | _a9780198729679 | ||
| 050 | _a KZ3275.B21 | ||
| 100 |
_aBantekas, llias _91731 |
||
| 245 |
_aInternational law concentrate. / _cllias Bantekas and Efthymios Papastavridis. |
||
| 250 | _a2nd ed. | ||
| 260 |
_aOxford: _bOxford University press, _c2015. |
||
| 300 |
_axv, 172 p. A20; _c24cm. |
||
| 500 | _aIncludes index. | ||
| 505 | _aContents: The nature of international law and the international legal system -- Sources of international law -- The law of treaties -- The relationship between international and domestic law -- Personality, statehood and recognition -- Sovereignty and jurisdiction -- Immunity -- Law of the sea -- State responsibility -- Peaceful settlement of disputes -- Use of force -- Human rights -- | ||
| 650 | _2International law | ||
| 700 |
_aPapastavridis, Efthymios _91730 |
||
| 942 |
_2lcc _cBK |
||
| 999 |
_c9753 _d17253 |
||